Widok standardowy
Widok MARC
Pozycja Corporate Name
Liczba rekordów, w których użyto hasła: 1
001 - Numer kontrolny
- control field: 39616
003 - Identyfikator numeru kontrolnego
- control field: NUKAT
005 - Data i czas ostatniej modyfikacji
- control field: 20260408001831.0
008 - Dane kontrolne kodowane (40 znaków)
- fixed length control field: 000224n||a|znnaabn |a ana |c
010 ## - Numer kontrolny Biblioteki Kongresu
- numer kontrolny LC: n 00712094
024 7# - OTHER STANDARD IDENTIFIER
- Standard number or code: 311203621
- Source of number or code: viaf
040 ## - Instytucja sporządzająca rekord
- inst. przygot. dane do rek. khw: TOR U/DA
- język haseł przedmiotowych/tezaurus: kaba
- inst. wprow. rek. khw: TOR U/DA
- inst. modyf. rek. khw: KR U/MBK
- inst. modyf. rek. khw: TOR U/KMos
043 ## - Kod obszaru geograficznego
- ISO code: PL
046 ## - Special dates
- Start period: 1919
- End period: 1939.
110 2# - Hasło - nazwa ciała zbiorowego
- nazwa ciała zbior. lub geogr. na pocz.: Drukarnia Robotnicza (Toruń).
370 ## - Associated place
- Country: Polska.
372 ## - Field of activity
- Field: Drukarnie.
377 ## - Assoc lang
- Lang code: pol
- Lang code: ger
410 2# - Trop zob. - nazwa ciała zbiorowego
- nazwa ciała zbior. lub geogr. na pocz.: Drukarnia Robotnicza w Toruniu.
410 2# - Trop zob. - nazwa ciała zbiorowego
- nazwa ciała zbior. lub geogr. na pocz.: Spółdzielcza Drukarnia Robotnicza.
410 2# - Trop zob. - nazwa ciała zbiorowego
- nazwa ciała zbior. lub geogr. na pocz.: Drukarnia Robotnicza W. Pawlak i S-ka.
670 ## - Źródło informacji
- źródło informacji: Ustawy Drukarni Robotniczej w Toruniu : Eingetragene Genossenschaft mit beschränkter Haftpflicht. - Toruń, 1919.
670 ## - Źródło informacji
- źródło informacji: EWoK. - 1971
670 ## - Źródło informacji
- źródło informacji: Kropidło. - Toruń, 1922.
- gdzie znaleziono informację: (Drukarnia Robotnicza W. Pawlak i S-ka)